Sports Quiz

Random Sports or NFL Quiz
Score 0/200 Timer 10:00
0 Plays Today
Year Player % Correct
2018Julio Jones
98.1%
2010Calvin Johnson
97.8%
2008Calvin Johnson
97.8%
2017Julio Jones
97.8%
2019Julio Jones
97.8%
2011Calvin Johnson
97.8%
2009Andre Johnson
97.6%
2008Andre Johnson
97.6%
2010Andre Johnson
97.6%
2007Chad Ochocinco
97.6%
2006Chad Ochocinco
97.6%
2004Chad Ochocinco
97.6%
2003Chad Ochocinco
97.6%
2005Chad Ochocinco
97.6%
2016Julio Jones
97.5%
2017Antonio Brown
97.5%
2015Julio Jones
97.3%
2019Michael Thomas
97.2%
2016Antonio Brown
97.1%
2012Calvin Johnson
97.1%
2014Julio Jones
97%
2017Marvin Jones
96.9%
2015Antonio Brown
96.9%
2012Andre Johnson
96.9%
2013Calvin Johnson
96.7%
2001Keyshawn Johnson
96.6%
2014Antonio Brown
96.6%
2013Andre Johnson
96.3%
2015Calvin Johnson
95.5%
2013Antonio Brown
95.4%
2010Larry Fitzgerald
95.2%
2008Larry Fitzgerald
95.2%
2007Larry Fitzgerald
95.2%
2005Larry Fitzgerald
95.2%
2011Larry Fitzgerald
95.1%
2018Michael Thomas
94.8%
2017Larry Fitzgerald
93.6%
2015Larry Fitzgerald
93.5%
2017Michael Thomas
93.4%
2008Steve Smith
93.3%
2009Steve Smith
93.3%
2006Steve Smith
93.3%
2005Steve Smith
93.3%
2014Demaryius Thomas
92.9%
2013Demaryius Thomas
92.9%
2016Odell Beckham
92.8%
2015Odell Beckham
92.7%
2011Steve Smith
92.6%
2018DeAndre Hopkins
92.6%
2009Randy Moss
92.4%
2007Randy Moss
92.4%
2003Randy Moss
92.4%
2002Randy Moss
92.4%
2001Randy Moss
92.4%
2000Randy Moss
92.4%
2016Michael Thomas
92.4%
2015Demaryius Thomas
92.4%
2001Rod Smith
92.3%
2000Rod Smith
92.3%
2001Jimmy Smith
92.3%
2010Santana Moss
91.9%
2005Santana Moss
91.9%
2018Tyreek Hill
91.7%
2014Odell Beckham
91.4%
2012Demaryius Thomas
91.4%
2018Mike Evans
90.9%
2017DeAndre Hopkins
90.7%
Year Player % Correct
2009Wes Welker
90.6%
2008Wes Welker
90.6%
2009Reggie Wayne
90.4%
2008Reggie Wayne
90.4%
2007Reggie Wayne
90.4%
2006Reggie Wayne
90.4%
2010Reggie Wayne
90.4%
2004Reggie Wayne
90.4%
2011Wes Welker
89.7%
2013A.J. Green
89.7%
2012A.J. Green
89.2%
2014Jordy Nelson
89.1%
2015A.J. Green
88.9%
2012Dez Bryant
88.8%
2019Amari Cooper
88.8%
2013Jordy Nelson
88.6%
2014Dez Bryant
88.4%
2016T.Y. Hilton
88.1%
2019Jarvis Landry
87.7%
2019Travis Kelce
87.7%
2012Brandon Marshall
87.6%
2016Jordy Nelson
87.5%
2008Roddy White
87.4%
2007Roddy White
87.4%
2010Roddy White
87.4%
2012Reggie Wayne
87.4%
2011Brandon Marshall
87.1%
2016Mike Evans
87.1%
2011Roddy White
86.9%
2019Keenan Allen
86.7%
2017Rob Gronkowski
86.6%
2015DeAndre Hopkins
86.5%
2014T.Y. Hilton
86.3%
2006Marvin Harrison
86.2%
2001Marvin Harrison
86.2%
2005Marvin Harrison
86.1%
2003Marvin Harrison
86.1%
2002Marvin Harrison
86.1%
2000Marvin Harrison
86.1%
2012Vincent Jackson
86%
2013DeSean Jackson
86%
2017Tyreek Hill
85.6%
2012Wes Welker
85.4%
2012Roddy White
84.3%
2018Adam Thielen
83.9%
2009Vincent Jackson
83.7%
2015Brandon Marshall
83.6%
2003Darrell Jackson
83.1%
2011Jordy Nelson
83%
2018Travis Kelce
82.8%
2008Brandon Marshall
82.5%
2007Brandon Marshall
82.5%
2009Hines Ward
82%
2003Hines Ward
82%
2002Hines Ward
82%
2018Davante Adams
81.1%
2011Rob Gronkowski
81%
2017Keenan Allen
80.5%
2018JuJu Smith-Schuster
80.5%
2019Chris Godwin
80.2%
2017Adam Thielen
79.7%
2007Torry Holt
78.4%
2004Torry Holt
78.4%
2001Torry Holt
78.4%
2006Torry Holt
78.4%
2005Torry Holt
78.4%
2003Torry Holt
78.4%
Year Player % Correct
2002Torry Holt
78.4%
2000Torry Holt
78.3%
2011Victor Cruz
78.2%
2013Josh Gordon
78.1%
2016Amari Cooper
77.1%
2010Greg Jennings
76.4%
2008Greg Jennings
76.4%
2007Terrell Owens
76.3%
2006Terrell Owens
76.3%
2002Terrell Owens
76.3%
2001Terrell Owens
76.3%
2000Terrell Owens
76.3%
2019DeVante Parker
75%
2014Emmanuel Sanders
74.8%
2016Jarvis Landry
73.2%
2007Marques Colston
70.8%
2018George Kittle
70.1%
2006Donald Driver
70%
2004Donald Driver
70%
2005Donald Driver
70%
2010Dwayne Bowe
69.6%
2011Jimmy Graham
69.4%
2014Golden Tate
69.3%
2019Kenny Golladay
69%
2004Isaac Bruce
68.8%
2000Isaac Bruce
68.7%
2015Allen Robinson
67.7%
2019D.J. Moore
67.6%
2009Miles Austin
66.9%
2006Anquan Boldin
66.8%
2005Anquan Boldin
66.8%
2003Anquan Boldin
66.8%
2013Alshon Jeffery
66.5%
2009Sidney Rice
65.6%
2010Mike Wallace
63.9%
2013Pierre Garcon
62.9%
2001Troy Brown
61.4%
2008Antonio Bryant
59.8%
2016Brandin Cooks
57.9%
2014Jeremy Maclin
56.5%
2005Plaxico Burress
55.2%
2002Plaxico Burress
55.1%
2006Roy Williams
53.7%
2010Brandon Lloyd
53.4%
2006Lee Evans
52.9%
2009Santonio Holmes
52%
2004Joe Horn
49%
2002Joe Horn
49%
2001Joe Horn
49%
2000Joe Horn
48.9%
2004Muhsin Muhammad
43.6%
2004Tony Gonzalez
42.5%
2007Braylon Edwards
40.8%
2002Amani Toomer
40%
2003Derrick Mason
31.3%
2002Eric Moulds
27.7%
2000Eric Moulds
27.7%
2001David Boston
27%
2004Javon Walker
24.8%
2005Joey Galloway
23.4%
2003Laveranues Coles
22%
2002Laveranues Coles
22%
2000Ed McCaffrey
14.3%
2003Keenan McCardell
14%
2004Drew Bennett
10.9%
2000Derrick Alexander
7.7%
Remove Ads.
Support Sporcle.
Get the best of Sporcle when you Go Orange. This ad-free experience offers more features, more stats, and more fun while also helping to support Sporcle. Thank you for becoming a member.

You're not logged in!

Compare scores with friends on all Sporcle quizzes.
OR
Log In

Sporcle TV

Today on Sporcle TV


Watch our educational content, quiz creation guides, and fun videos on Sporcle TV.

Show Comments

Extras

Top Quizzes Today


Score Distribution

Paid Content

Your Account Isn't Verified!

In order to create a playlist on Sporcle, you need to verify the email address you used during registration. Go to your Sporcle Settings to finish the process.

Report this User

Report this user for behavior that violates our Community Guidelines.

Details: